MARC보기
LDR00000nam c2200205 c 4500
001000000341349
00520260424100613
007ta
008260424s2026 ulkad r 00a kor
020 ▼a 9791124423011 ▼g 44080 : ▼c \17000
020 ▼a 9791191309157(세트)
040 ▼a 248032 ▼c 248032 ▼d 248032
0490 ▼l EM111988
056 ▼a 539.9 ▼2 4
090 ▼a 539.9 ▼b 조541
24520 ▼a 1일 1단어 1분으로 끝내는 환경공부 : ▼b 지구 환경을 이해하고 지키는 가장 쉬운 방법 / ▼d 조성화 지음
250 ▼a 초판
260 ▼a 서울 : ▼b 글담출판사, ▼c 2026
300 ▼a 173 p. : ▼b 천연색삽화, 표 ; ▼c 23 cm
653 ▼a 환경 ▼a 지구 환경 ▼a 생태계
7001 ▼a 조성화, ▼e 저
9500 ▼b \17000
990 ▼a 관리자2 ▼b 관리자2